The art of public speaking (Record no. 1702)

000 -LEADER
fixed length control field 00354nam a22001457a 4500
003 - CONTROL NUMBER IDENTIFIER
control field OSt
005 - DATE AND TIME OF LATEST TRANSACTION
control field 20150424133428.0
008 - FIXED-LENGTH DATA ELEMENTS--GENERAL INFORMATION
fixed length control field 150424b xxu||||| |||| 00| 0 eng d
020 ## - INTERNATIONAL STANDARD BOOK NUMBER
International Standard Book Number 9781499663952
050 ## - LIBRARY OF CONGRESS CALL NUMBER
Classification number PN4121.E84 2013
100 ## - MAIN ENTRY--PERSONAL NAME
Personal name Esenwein, J Berg
245 ## - TITLE STATEMENT
Title The art of public speaking
Statement of responsibility, etc Berg J. Esenwein
300 ## - PHYSICAL DESCRIPTION
Extent 144p.
942 ## - ADDED ENTRY ELEMENTS (KOHA)
Source of classification or shelving scheme
Koha item type Book
Holdings
Withdrawn status Lost status Source of classification or shelving scheme Damaged status Not for loan Home library Current library Shelving location Date acquired Total Checkouts Full call number Barcode Date last seen Date checked out Copy number Price effective from Koha item type
          Riara University Library Riara University Library General stack 24/04/2015 1 PN4121.E84 2013 5950/15 11/09/2017 07/09/2017 C.1 24/04/2015 Book
          Riara University Library Riara University Library General stack 24/04/2015 2 PN4121.E84 2013 5951/15 17/05/2017 11/05/2017 C.2 24/04/2015 Book
          Riara University Library Riara University Library General stack 24/04/2015   PN4121.E84 2013 5952/15 30/04/2015   C.3 24/04/2015 Book

Riara University Library,
P.O. Box 49940-00100,
Nairobi, Kenya.